Normal view
MARC view
- Carpinteri, Andrea
Entry Personal Name
001 - CONTROL NUMBER
- control field: 66903
003 - CONTROL NUMBER IDENTIFIER
- control field: NUST
005 - DATE AND TIME OF LATEST TRANSACTION
- control field: 20210628203709.0
008 - FIXED-LENGTH DATA ELEMENTS
- fixed length control field: 210628|| aca||aabn | a|a d
040 ## - CATALOGING SOURCE
- Original cataloging agency: NUST
- Transcribing agency: NUST
100 ## - HEADING--PERSONAL NAME
- Personal name: Carpinteri, Andrea
670 ## - SOURCE DATA FOUND
- Source citation: Work cat.: (NUST): Carpinteri, Andrea, Handbook of fatigue crack , propagation in metallie structure, 1994
